000 00911nam a2200241Ii 4500
003 JO-AjNU
008 230605s9999||||xx |||||||||||||| ||und||
017 _a1993/2906
020 _a977-0004944-1
040 _aJO-AjNU
_bara
_erda
_cJO-AjNU
041 _aara
050 1 4 _aG155 1996
100 3 _aتاليف دعبس، محمد يسرى ابراهيم,
_eauthor
_940239
245 0 0 _aالتربية السياحية والتنمية الشاملة: رؤية في أنثروبولوجيا السياحة، الكتاب السابع
250 _aط2
264 3 1 _aالاسكندرية: المؤلف، 1996
300 _aالكتاب السابع، 160ص
336 _atext
_btxt
_2rdacontent
337 _aunmediated
_bn
_2rdamedia
338 _avolume
_bnc
_2rdacarrier
490 0 _aعلم الانسان وقضايا المجتمع
650 4 _aالسياحة-التنمية الشاملة
_940240
999 _aA17059
_c20627
_d20627